Т. 6; Экономическая история мира

Manylion Llyfryddiaeth
Parent link:Экономическая история мира: в шести томах/ Российская академия наук (РАН), Институт Европы (ИЕ) ; Институт экономики (ИЭ) ; Кафедра экономической теории и предпринимательства ; под ред. М. В. Конотопова. Т. 6.— , 2008.— 978-5-85971-929-7
Crynodeb:Издание впервые объединяет историю развития мирового хозяйства и историю экономической мысли, включая философские концепции классиков экономической пауки и экономические взгляды знаменитых философов. Будет незаменимо при подготовке к экзаменам кандидатского минимума по истории и философии экономики.
Iaith:Rwseg
Cyhoeddwyd: 2008
Pynciau:
Fformat: Llyfr
KOHA link:https://koha.lib.tpu.ru/cgi-bin/koha/opac-detail.pl?biblionumber=147922

MARC

LEADER 00000nam2a2200000 4500
001 147922
005 20231101221328.0
010 |a 9785390001530 
035 |a (RuTPU)RU\TPU\book\160349 
035 |a RU\TPU\book\160348 
090 |a 147922 
100 |a 20081124d2008 km y0rusy50 ca 
101 0 |a rus 
102 |a RU 
105 |a y z 001zy 
200 0 |a Т. 6 
210 |d 2008 
215 |a 384 с. 
320 |a Литература: с. 338-350. 
330 |a Издание впервые объединяет историю развития мирового хозяйства и историю экономической мысли, включая философские концепции классиков экономической пауки и экономические взгляды знаменитых философов. Будет незаменимо при подготовке к экзаменам кандидатского минимума по истории и философии экономики. 
461 1 |0 (RuTPU)RU\TPU\book\160723  |y 978-5-85971-929-7  |t Экономическая история мира  |o в шести томах  |f Российская академия наук (РАН), Институт Европы (ИЕ) ; Институт экономики (ИЭ) ; Кафедра экономической теории и предпринимательства ; под ред. М. В. Конотопова  |v Т. 6  |d 2008 
600 1 |a Леонтьев  |g Василий Васильевич  |b В. В.  |c американский экономист российского происхождения  |c нобелевский лауреат  |f 1906-1999  |2 stltpush  |3 (RuTPU)RU\TPU\pers\1123 
600 1 |a Канторович  |b Л. В.  |c российский экономист-математик  |c нобелевский лауреат  |f 1912-1986  |g Леонид Витальевич  |2 stltpush  |3 (RuTPU)RU\TPU\pers\10568  |9 2245 
606 |a Мировая экономика  |x История  |2 stltpush  |3 (RuTPU)RU\TPU\subj\44106  |9 63480 
610 1 |a экономика 
610 1 |a экономическая история 
610 1 |a экономическая мысль 
610 1 |a история 
610 1 |a экономисты 
610 1 |a персоналии 
610 1 |a информация 
610 1 |a информатизация 
610 1 |a информационные технологии 
610 1 |a глобализация 
610 1 |a мирохозяйственные связи 
610 1 |a новый миропорядок 
610 1 |a налоги 
610 1 |a налоговые теории 
610 1 |a обмен 
610 1 |a маржинализм 
610 1 |a кейнсианская теория 
610 1 |a материализм 
610 1 |a деньги 
610 1 |a денежное обращение 
610 1 |a теория 
686 |a У03(0)  |v LBC/SL-A  |2 rubbk 
801 1 |a RU  |b 63413507  |c 20081024  |g PSBO 
801 2 |a RU  |b 63413507  |c 20191128  |g PSBO 
900 |a Экономическая история 
900 |a История экономики 
942 |c BK 
959 |a 95/20081024  |d 1  |e 1100,00  |f ЧЗГЛ:1